000
00420nam a2200145Ia 4500
008
090122s9999 xx 000 0 und d
082
_b
2813
_a
G U J
100
_a
खांडेकर
_b
वि
_c
स
245
_a
आशा मिनारा
600
_a
खांडेकर
630
_a
आशा मिनारा
700
_a
खांडेकर
730
_a
आशा मिनारा
942
_c
BOOK
999
_c
26891
_d
26891